1228 1585 1470 1796 1492 1452 1662 1999 1979 1216 1458 1959 1052 1641 1830 1804 1503 1402 1359 1339 1369 1556 1916 1818 1819 1112 1437 1507 1717 1066 1077 1605 1258 1553 1205 1468 1683 1607 1579 1492 1458 1674 1676 1385 1329 1940 1321 1986 1553 1196 1430 1333 1689 1710 1364 1665 1807 1718 1520 1875 1554 1256 1359 1455 1781 1670 1316 1322 1944 1273 1234 1130 1277 1523 1951 1648 1211 1379 1145 1481 1486 1136 1154 1807 1492 1405 1017 1767 1382 1092 1688 1837 1644 1469 1051 1715 1101 1338 1310 BCNSPRNW ULIB Ver.6.0+V

เปลี่ยนเป็นภาษาไทย

Change to English
 แสดงรายละเอียดบรรณานุกรม
  กลับหน้าหลัก

Brief Record : Get Marc (ISO 2709) : E-mail record : QR code < ปิดหน้าต่าง
LEADER : 00000nam 2200000uu 4500
001    13399121267
003     ULIB
008    020711s2554 th a 000 0 tha d
020    9789749688946
050    HD30.29^bธ461I
100    ธัญญา ผลอนันต์
245    iMindMap5 /^cเขียน:ธัญญา และขวัญฤดี ผลอนันต์, เขียนร่วม:โรสรินทร์ พุมฤทธิ์
260    กรุงเทพฯ :^bขวัญข้าว,^c2554
300    168 หน้า
650    แผนที่ความคิด
650    โปรแกรมคอมพิวเตอร์
700    ขวัญฤดี ผลอนันต์
700    โรสรินทร์ พุมฤทธิ์
945    ^p250^l0^i033039
945    ^p250^l0^i033040
999    ^aวรรณษา ชูชัยมงคล
รายการนี้ยังไม่มีแท็ก
คุณยังไม่ได้ล็อกอิน คุณสามารถมีกิจกรรมร่วมกับเว็บไซต์ได้ แต่ต้องล็อกอินก่อน ::
  ล็อกอิน

รายการสื่อสารสนเทศ

ลำดับที่ ประเภท เลขเรียก/บาร์โค้ด สถานที่ สถานะ
1. การศึกษาทั่วไป
หนังสือสำรอง
สถานะ=หนังสือสำรอง
HD30.29 ธ461I ฉ.1 
  Barcode: 033039
ห้องสมุดวิทยาเขตสวรรค์ประชารักษ์
►หนังสือทั่วไป
บนชั้น
2. การศึกษาทั่วไป
การศึกษาทั่วไป
HD30.29 ธ461I ฉ.2 
  Barcode: 033040
ห้องสมุดวิทยาเขตนครสวรรค์
►หนังสือทั่วไป:l:General Books
บนชั้น

รายการใกล้เคียง
    ผู้แต่ง [ธัญญา ผลอนันต์]

    หัวเรื่อง [แผนที่ความคิด]
    หัวเรื่อง [โปรแกรมคอมพิวเตอร์]

BibComment


ยังไม่เคยถูกคอมเมนท์

คอมเมนท์ทรัพยากรรายการนี้
  คอมเมนท์: iMindMap5 เขียนธ..


 Copyright 2026. Bcnsprnw @Library